La dialéctica de Hegel: cinco ensayos hermenéuticos
Gardado en:
| Autor Principal: | |
|---|---|
| Formato: | Libro |
| Idioma: | Lingua castelá |
| Publicado: |
Madrid
Cátedra
2011
|
| Edición: | 8a. ed |
| Series: | Colección Teorema
|
| Subjects: | |
| Tags: |
Engadir etiqueta
Sen Etiquetas, Sexa o primeiro en etiquetar este rexistro!
|
MARC
| LEADER | 00000cam a2200000 a 4500 | ||
|---|---|---|---|
| 001 | UCE8885 | ||
| 003 | CL-VaPUC | ||
| 008 | 150911e20110000sp |||||||||||||||||spa|d | ||
| 020 | |a 9788437602165 | ||
| 082 | 0 | 4 | |a 193 |b GAD |2 21 |
| 100 | 0 | |a Gadamer, Hans-Georg |e author |9 373562 | |
| 245 | 1 | 3 | |a La dialéctica de Hegel: cinco ensayos hermenéuticos |
| 250 | |a 8a. ed | ||
| 300 | |a 146 p | ||
| 942 | |c BK | ||
| 945 | |d 20150911 12:29:00 |a dcastane | ||
| 260 | |a Madrid |b Cátedra |c 2011 | ||
| 650 | 0 | |a Dialéctica |9 257902 | |
| 650 | 0 | |a Filosofía alemana |9 265002 | |
| 650 | 7 | |a FILOSOFOS ALEMANES |2 CL-VaPUC |9 581620 | |
| 583 | |a last modification |c 20150911 12:29:00 |k Rodrigo Vera | ||
| 490 | 0 | |a Colección Teorema | |
| 999 | |c 360648 |d 360646 | ||
| 952 | |0 0 |1 0 |3 erb |4 0 |6 193_000000000000000_GAD_2011 |7 0 |8 A |9 470533 |a BIBEDU |b BIBEDU |i 5197384 |l 1 |o 193 GAD 2011 |p 5197384 |r 2023-07-07 |s 2023-07-07 |w 2019-11-23 |y BK |z Catalogado en:20150911 |k FIL | ||